Proizvodstvo staľnych i kombinirovannych kanatov.

Uložené v:
Podrobná bibliografia
Hlavný autor: Bukštejn, M. A.
Médium: Kniha
Jazyk:Slovak
Vydané: Moskva, 1954.
Fyzický popis: 460 s.
Tagy: Pridať tag
Žiadne tagy, Buďte prvý kto otaguje tento záznam!

MARC

LEADER 00000nam a22000004a 4500
001 000605607
005 20190111094515.0
008 190111s1954 xo e 000 0 slo d
040 |a SVKKK  |b slo  |c SVKKK  |e AACR2 
100 1 |a Bukštejn, M. A. 
245 1 0 |a Proizvodstvo staľnych i kombinirovannych kanatov. 
260 |a Moskva,  |c 1954. 
300 |a 460 s. 
500 |a Záznam revízie 
910 |a svkkk 
998 |a BK 
090 |g SCKHL  |k Sklad Pribinova 2. posch.  |a III.17152  |j 82063  |i 2720604994  |4 Zastaraná  |s Vyradená